Aquinas on God’s simplicity and perfection: questions 3-6 of summa theologiae, Ia - newly translated and carefully explained
| Main Author: | |
|---|---|
| Corporate Author: | |
| Contributors: | |
| Format: | Print Book |
| Language: | English |
| Subito Delivery Service: | Order now. |
| Check availability: | HBZ Gateway |
| WorldCat: | WorldCat |
| Interlibrary Loan: | Interlibrary Loan for the Fachinformationsdienste (Specialized Information Services in Germany) |
| Published: |
Neunkirchen-Seelscheid
Editiones Scholasticae
2020
|
| In: | Year: 2020 |
| Standardized Subjects / Keyword chains: | B
Thomas, von Aquin, Heiliger 1225-1274, Summa theologiae 1,3-6
|
| RelBib Classification: | NBA Dogmatics NBC Doctrine of God |
| Further subjects: | B
Commentary
B Spring |
| Online Access: |
Table of Contents |
MARC
| LEADER | 00000cam a2200000 c 4500 | ||
|---|---|---|---|
| 001 | 1726398153 | ||
| 003 | DE-627 | ||
| 005 | 20251226185309.0 | ||
| 007 | tu | ||
| 008 | 200805s2020 gw ||||| 00| ||eng c | ||
| 015 | |a 20,N32 |2 dnb | ||
| 016 | 7 | |a 1214834299 |2 DE-101 | |
| 020 | |a 9783868382280 |c : EUR 139.00 (DE), EUR 139.00 (AT) |9 978-3-86838-228-0 | ||
| 020 | |a 3868382283 |9 3-86838-228-3 | ||
| 024 | 3 | |a 9783868382280 | |
| 035 | |a (DE-627)1726398153 | ||
| 035 | |a (DE-599)DNB1214834299 | ||
| 035 | |a (OCoLC)1182598652 | ||
| 040 | |a DE-627 |b ger |c DE-627 |e rda | ||
| 041 | |a eng | ||
| 044 | |c XA-DE-NW | ||
| 082 | 0 | |a 231.4 |q DE-101 | |
| 082 | 0 | 4 | |a 230 |a 100 |q DE-101 |
| 084 | |a 1 |2 ssgn | ||
| 100 | 1 | |e VerfasserIn |0 (DE-588)1147859434 |0 (DE-627)1007235322 |0 (DE-576)496073125 |4 aut |a Augros, Michael | |
| 109 | |a Augros, Michael | ||
| 245 | 1 | 0 | |a Aquinas on God’s simplicity and perfection |b questions 3-6 of summa theologiae, Ia - newly translated and carefully explained |c Michael Augros |
| 263 | |a 202008 | ||
| 264 | 1 | |a Neunkirchen-Seelscheid |b Editiones Scholasticae |c 2020 | |
| 300 | |a 522 Seiten |c 21 cm x 14.8 cm | ||
| 336 | |a Text |b txt |2 rdacontent | ||
| 337 | |a ohne Hilfsmittel zu benutzen |b n |2 rdamedia | ||
| 338 | |a Band |b nc |2 rdacarrier | ||
| 601 | |a Translation | ||
| 652 | |a NBA:NBC | ||
| 655 | 7 | |a Kommentar |0 (DE-588)4136710-8 |0 (DE-627)104500719 |0 (DE-576)209671467 |2 gnd-content | |
| 655 | 7 | |a Quelle |0 (DE-588)4135952-5 |0 (DE-627)105661236 |0 (DE-576)209665084 |2 gnd-content | |
| 689 | 0 | 0 | |d u |0 (DE-588)1220118567 |0 (DE-627)1736489690 |0 (DE-576)209132787 |a Thomas |2 gnd |c von Aquin, Heiliger |d 1225-1274 |t Summa theologiae |n 1,3-6 |
| 689 | 0 | |5 DE-101 | |
| 700 | 0 | |e VerfasserIn der literarischen Vorlage |0 (DE-588)118622110 |0 (DE-627)134387503 |0 (DE-576)209132787 |4 oth |a Thomas |c von Aquin, Heiliger |d 1225-1274 | |
| 710 | 2 | |e Verlag |0 (DE-588)1065364970 |0 (DE-627)816739668 |0 (DE-576)42504453X |4 pbl |a Editiones Scholasticae | |
| 856 | 4 | 2 | |u https://d-nb.info/1214834299/04 |m B:DE-101 |q application/pdf |v 2020-10-28 |x Verlag |3 Inhaltsverzeichnis |7 1 |
| 951 | |a BO | ||
| ELC | |b 1 | ||
| LOK | |0 000 xxxxxcx a22 zn 4500 | ||
| LOK | |0 001 3981157346 | ||
| LOK | |0 003 DE-627 | ||
| LOK | |0 004 1726398153 | ||
| LOK | |0 005 20210923150943 | ||
| LOK | |0 008 210923||||||||||||||||ger||||||| | ||
| LOK | |0 040 |a DE-Tue135 |c DE-627 |d DE-Tue135 | ||
| LOK | |0 092 |o n | ||
| LOK | |0 852 |a DE-Tue135 | ||
| LOK | |0 852 1 |9 00 | ||
| LOK | |0 866 |x 6700 maschinelles Mapping DDC mit neuem Exemplarsatz 231.4$ADE-101 [231 in Mappingtabelle] >> IxTheo-Klassifikation !1442050993! !1442051507!. - | ||
| LOK | |0 936ln |0 1442050993 |a NBA | ||
| LOK | |0 936ln |0 1442051507 |a NBC | ||
| LOK | |0 939 |a 23-09-21 |b l01 | ||
| ORI | |a SA-MARC-ixtheoa001.raw | ||
| REL | |a 1 | ||
| SUB | |a REL | ||
| SYG | 0 | 0 | |a Thomas,von Aquin, Heiliger,1225-1274,Summe der Theologie,1,3-6 |



